World Capitals to Country - Statistics

General Stats
  • This quiz has been taken 6,833 times
  • The average score is 134 of 196
Answer Stats
Hint Answer % Correct
Amsterdam Netherlands
96%
Athens Greece
95%
Beijing China
94%
Berlin Germany
94%
Algiers Algeria
93%
Andorra la Vella Andorra
93%
Cairo Egypt
93%
Bangkok Thailand
93%
Abu Dhabi United Arab Emirates
93%
Brussels Belgium
92%
Brasilia Brazil
92%
Dublin Ireland
92%
Buenos Aires Argentina
91%
Copenhagen Denmark
91%
Guatemala City Guatemala
91%
Baghdad Iraq
91%
Jerusalem Israel
91%
Mexico City Mexico
91%
Madrid Spain
91%
London United Kingdom
91%
Paris France
90%
Budapest Hungary
90%
Rome Italy
90%
Kuwait City Kuwait
90%
Luxembourg Luxembourg
90%
Moscow Russia
90%
Canberra Australia
89%
Havana Cuba
89%
Djibouti Djibouti
89%
Helsinki Finland
89%
New Delhi India
89%
Monaco Monaco
89%
Panama City Panama
89%
Lisbon Portugal
89%
Ankara Turkey
89%
Ottawa Canada
88%
Oslo Norway
88%
Seoul South Korea
88%
Bern Switzerland
88%
Kiev Ukraine
88%
Tokyo Japan
87%
Lima Peru
87%
Singapore Singapore
87%
Stockholm Sweden
87%
Vatican City Vatican
87%
Prague Czech Republic
86%
Reykjavik Iceland
86%
Jakarta Indonesia
86%
San Marino San Marino
86%
Washington, D.C. United States of America
86%
Pyongyang North Korea
85%
Warsaw Poland
85%
Bucharest Romania
85%
Hanoi Vietnam
85%
Vienna Austria
84%
San Salvador El Salvador
84%
Islamabad Pakistan
84%
Pretoria\Cape Town\Bloemfontein South Africa
84%
Kabul Afghanistan
83%
Bogota Colombia
83%
Beirut Lebanon
83%
Kuala Lumpur Malaysia
83%
Damascus Syria
83%
Santiago Chile
82%
Bissau Guinea-Bissau
82%
Kingston Jamaica
82%
Nairobi Kenya
82%
Manila Philippines
82%
Sao Tome Sao Tome and Principe
82%
Tehran Iran
81%
Kathmandu Nepal
81%
Belgrade Serbia
81%
Taipei Taiwan
81%
Tunis Tunisia
81%
Minsk Belarus
80%
Addis Ababa Ethiopia
80%
Wellington New Zealand
80%
Bratislava Slovakia
80%
Caracas Venezuela
80%
Sofia Bulgaria
79%
Sarajevo Bosnia and Herzegovinia
78%
Phnom Penh Cambodia
77%
Riyadh Saudi Arabia
77%
Amman Jordan
76%
Montevideo Uruguay
76%
Zagreb Croatia
75%
Riga Latvia
75%
Sri Jayawardenepura Kotte Sri Lanka
75%
Quito Ecuador
74%
Tallinn Estonia
74%
Port-au-Prince Haiti
74%
Asuncion Paraguay
74%
Tripoli Libya
73%
Doha Qatar
73%
Ljubljana Slovenia
73%
Sucre\La Paz Bolivia
72%
Ulaanbaatar Mongolia
71%
Dhaka Bangladesh
70%
Nicosia Cyprus
70%
Santo Domingo Dominican Republic
70%
Rabat Morocco
69%
Nassau Bahamas
68%
Vilnius Lithuania
68%
Chisinau Moldova
68%
Muscat Oman
68%
Skopje Macedonia
67%
Valetta Malta
67%
Tirana Albania
66%
Baku Azerbaijan
66%
Tbilisi Georgia
66%
San Jose Costa Rica
65%
Accra Ghana
65%
Pristina Kosovo
65%
Antananarivo Madagascar
65%
Abuja Nigeria
65%
Mogadishu Somalia
64%
Khartoum Sudan
64%
Ashgabat Turkmenistan
64%
Dakar Senegal
63%
Sana'a Yemen
62%
Bandar Seri Begawan Brunei
61%
Vaduz Liechtenstein
61%
Podgorica Montenegro
61%
Brazzaville Republic of the Congo
61%
Kinshasa Democratic Republic of the Congo
60%
Managua Nicaragua
59%
Freetown Sierra Leone
59%
Paramaribo Suriname
59%
Dili Timor-Leste
59%
Harare Zimbabwe
59%
Tegucigalpa Honduras
58%
Male Maldives
58%
Tashkent Uzbekistan
58%
Bishkek Kyrgyzstan
57%
Port of Spain Trinidad and Tobago
57%
Luanda Angola
56%
Georgetown Guyana
56%
Vientiane Laos
56%
Bridgetown Barbados
55%
Yerevan Armenia
54%
Belmopan Belize
54%
Kampala Uganda
54%
Ouagadougou Burkina Faso
53%
Monrovia Liberia
53%
Windhoek Namibia
53%
Port Moresby Papua New Guinea
53%
Naypyidaw Myanmar
52%
Juba South Sudan
52%
Thimphu Bhutan
51%
Astana Kazakhstan
51%
N'Djamena Chad
49%
Suva Fiji
49%
Dushanbe Tajikistan
49%
Kigali Rwanda
48%
Apia Samoa
48%
Victoria Seychelles
48%
Manama Bahrain
47%
Lome Togo
47%
Funafuti Tuvalu
47%
Asmara Eritrea
46%
Conakry Guinea
46%
Lilongwe Malawi
46%
Niamey Niger
46%
Castries Saint Lucia
46%
Dodoma Tanzania
46%
Roseau Dominica
45%
Bamako Mali
45%
Kingstown Saint Vincent and the Grenadines
45%
St. John's Antigua and Barbuda
44%
Libreville Gabon
44%
Basseterre Saint Kitts and Nevis
44%
Lusaka Zambia
44%
Gaborone Botswana
43%
Maputo Mozambique
43%
Porto Novo\Cotonou Benin
42%
Yaounde Cameroon
41%
Bangui Central African Republic
41%
Port Louis Mauritius
40%
Nuku'alofa Tonga
40%
Yamoussoukro Cote D'Ivoire
39%
St. George's Grenada
39%
Praia Cape Verde
38%
Moroni Comoros
38%
Banjul Gambia
38%
Tarawa Atoll Kiribati
38%
Nouakchott Mauritania
38%
Honiara Solomon Islands
38%
Port Vila Vanuatu
38%
Bujumbura Burundi
36%
Maseru Lesotho
36%
Mbabane Swaziland
36%
Ngerulmud Palau
35%
Palikir Federated States of Micronesia
34%
Majuro Marshall Islands
32%
Malabo Equatorial Guinea
31%
Yaren Nauru
31%
No matching quizzes found
Score Distribution
Percent of People with Each Score
Percentile by Number Answered
Your Score History
You have not taken this quiz